[Event "Lippe Cup 06th"]
[Site "Lieme"]
[Date "2009.10.17"]
[Round "3"]
[White "Poliakov, Alexander"]
[Black "Porth, Hartmut"]
[Result "1-0"]
[WhiteElo "2304"]
[BlackElo "2133"]
[PlyCount "74"]
[EventDate "2009.10.16"]
[EventType "swiss"]
[EventRounds "5"]
[EventCountry "GER"]
[SourceTitle "EXT 2013"]
[Source "ChessBase"]
[SourceDate "2012.11.22"]
[SourceVersion "1"]
[SourceVersionDate "2012.11.22"]
[SourceQuality "1"]

1. d4 Nc6 2. d5 Ne5 3. f4 Ng6 4. Nf3 e6 5. Nc3 Nf6 6. dxe6 dxe6 7. Qxd8+ Kxd8 8. e3 Bc5 9. Ng5 Ke7 10. Nce4 Nxe4 11. Nxe4 Bb4+ 12. c3 f5 13. cxb4 fxe4 14. g3 Bd7 15. Bd2 Bc6 16. Rc1 Rac8 17. Bc3 Kf7 18. f5 Ne7 19. fxe6+ Kg6 20. b5 Bd5 21. Bh3 c5 22. 0-0 Rhf8 23. Be5 Nf5 24. e7 Nxe7 25. Bxc8 Rxc8 26. Bd6 Nf5 27. Bxc5 b6 28. Bd4 Rd8 29. Rfd1 Bb7 30. Be5 Rxd1+ 31. Rxd1 Nxe3 32. Rd7 Bd5 33. Rxg7+ Kf5 34. Bf4 Nd1 35. Rxa7 Kg4 36. Kg2 Be6 37. Re7 Bf5 1-0

[Event "Pardubice Czech op-A"]
[Site "Pardubice"]
[Date "2009.07.30"]
[Round "7"]
[White "Poliakov, Alexander"]
[Black "Jeitz, Christian"]
[Result "1-0"]
[WhiteElo "2315"]
[BlackElo "2221"]
[PlyCount "143"]
[EventDate "2009.07.24"]
[EventType "swiss"]
[EventRounds "9"]
[EventCountry "CZE"]
[SourceTitle "CBM 131 Extra"]
[Source "ChessBase"]
[SourceDate "2009.09.03"]
[SourceVersion "2"]
[SourceVersionDate "2009.09.16"]
[SourceQuality "1"]

1. d4 Nf6 2. Nf3 g6 3. c4 Bg7 4. g3 d5 5. cxd5 Nxd5 6. Bg2 Nb6 7. Nc3 Nc6 8. 0-0 Nxd4 9. Nxd4 Qxd4 10. a4 Qxd1 11. Rxd1 Bxc3 12. bxc3 a5 13. Bf4 Bd7 14. Bxc7 Nxa4 15. Ra3 Rc8 16. Bxa5 Nb2 17. Rd4 e5 18. Rd5 Nc4 19. Ra1 Be6 20. Rdd1 Nxa5 21. Rxa5 Rxc3 22. Bxb7 Ke7 23. Rxe5 Rb8 24. Bf3 h5 25. Kg2 Rb2 26. Ra5 Rc7 27. h3 Kf6 28. Raa1 Rcc2 29. Rac1 Bc4 30. Rd6+ Ke7 31. Rxc2 Rxc2 32. Rc6 Bb3 33. Rxc2 Bxc2 34. h4 Ke6 35. Bb7 Ke5 36. Kf3 Bd1 37. Ke3 Bc2 38. Ba6 Bb1 39. Bc4 Kf6 40. Kf4 Bf5 41. e4 Bd7 42. e5+ Kg7 43. Kg5 Bf5 44. Be2 Bc2 45. Bb5 Be4 46. Bd7 Bd5 47. f4 Bf3 48. f5 gxf5 49. Bxf5 Be2 50. Bh3 Bd1 51. Bf1 Bf3 52. Bc4 Bd1 53. Bd5 Be2 54. Kf4 f6 55. e6 Kf8 56. Kf5 Ke7 57. Kg6 Bg4 58. Bc4 Bf3 59. Kh6 Bg4 60. Bb3 Be2 61. Bc2 Kxe6 62. Bg6 Ke5 63. Bxh5 Bd3 64. Bg6 Be2 65. h5 Bd1 66. Kg7 Bxh5 67. Bxh5 Kf5 68. Bf3 Kg5 69. Kf7 Kf5 70. Bd1 Kg5 71. Ke6 Kg6 72. Bg4 1-0

[Event "Pardubice Czech op-A"]
[Site "Pardubice"]
[Date "2009.07.27"]
[Round "4"]
[White "Tomazini, Zan"]
[Black "Poliakov, Alexander"]
[Result "1-0"]
[WhiteElo "2119"]
[BlackElo "2315"]
[PlyCount "91"]
[EventDate "2009.07.24"]
[EventType "swiss"]
[EventRounds "9"]
[EventCountry "CZE"]
[SourceTitle "CBM 131 Extra"]
[Source "ChessBase"]
[SourceDate "2009.09.03"]
[SourceVersion "2"]
[SourceVersionDate "2009.09.16"]
[SourceQuality "1"]

1. e4 e6 2. d4 d5 3. e5 c5 4. c3 Nc6 5. Nf3 Bd7 6. Be2 f6 7. 0-0 fxe5 8. Nxe5 Nxe5 9. dxe5 Qc7 10. c4 d4 11. Bf4 0-0-0 12. Nd2 Bc6 13. Bf3 Be7 14. Ne4 Bxe4 15. Bxe4 g5 16. Bg3 h5 17. h3 g4 18. hxg4 hxg4 19. Qxg4 Qd7 20. Bf4 Rh4 21. Qf3 Rf8 22. g3 Rh8 23. Rfd1 Kb8 24. b4 cxb4 25. a3 a5 26. axb4 axb4 27. Ra5 Bd8 28. Rb5 Rf7 29. Rxb7+ Qxb7 30. Bxb7 Rxb7 31. Rxd4 Ne7 32. Qd3 Bc7 33. Rd7 Nc6 34. Qe4 b3 35. Qxc6 b2 36. Rd1 b1Q 37. Rxb1 Rxb1+ 38. Kg2 Rb6 39. Qa4 Rd8 40. Be3 Rb7 41. c5 Ra7 42. Qb3+ Rb7 43. Qxe6 Rb2 44. Qa6 Bxe5 45. c6 Rd5 46. Bb6 1-0

[Event "Lippe Cup 01st"]
[Site "Lieme"]
[Date "2004.10.22"]
[Round "1"]
[White "Fenner, Martin"]
[Black "Poliakov, Alexander"]
[Result "0-1"]
[WhiteElo "2078"]
[BlackElo "2289"]
[PlyCount "70"]
[EventDate "2004.10.22"]
[EventType "swiss"]
[EventRounds "5"]
[EventCountry "GER"]
[SourceTitle "EXT 2012"]
[Source "ChessBase"]
[SourceDate "2011.11.24"]
[SourceVersion "1"]
[SourceVersionDate "2011.11.24"]
[SourceQuality "1"]

1. d4 d5 2. c4 dxc4 3. e4 Nf6 4. f3 b5 5. a4 c6 6. axb5 cxb5 7. b3 e6 8. bxc4 b4 9. Be3 Be7 10. Bd3 0-0 11. Ne2 a5 12. 0-0 e5 13. dxe5 Nfd7 14. Bc2 Qc7 15. Kh1 Nxe5 16. Nf4 Nxc4 17. Nd5 Qb7 18. Bf4 Nc6 19. Nd2 Nb6 20. Bb3 Be6 21. Rc1 Rfc8 22. Nxe7+ Qxe7 23. Nc4 Nxc4 24. Bxc4 Bxc4 25. Rxc4 Qe6 26. Qd5 Ne7 27. Qxe6 fxe6 28. Rd4 e5 29. Rd7 exf4 30. Rxe7 b3 31. Rb7 Rab8 32. Rxb8 Rxb8 33. g3 b2 34. Rb1 a4 35. gxf4 a3 0-1

[Event "Bayern-chI Bank Hofmann 5th"]
[Site "Bad Wiessee"]
[Date "2001.10.30"]
[Round "4"]
[White "Poliakov, Alexander"]
[Black "Maurer, Jochen"]
[Result "1-0"]
[WhiteElo "2301"]
[BlackElo "2141"]
[PlyCount "57"]
[EventDate "2001.10.27"]
[EventType "swiss"]
[EventRounds "9"]
[EventCountry "GER"]
[SourceTitle "EXT 2003"]
[Source "ChessBase"]
[SourceDate "2002.11.25"]
[SourceVersion "1"]
[SourceVersionDate "2002.11.25"]
[SourceQuality "1"]

1. d4 Nf6 2. Nf3 g6 3. c4 Bg7 4. g3 0-0 5. Bg2 d6 6. 0-0 Nc6 7. d5 Na5 8. Nfd2 c5 9. Nc3 a6 10. Qc2 Rb8 11. b3 b5 12. Bb2 bxc4 13. bxc4 Nd7 14. Nd1 Ne5 15. h3 f6 16. f4 Nf7 17. Bc3 Bd7 18. Nf2 e5 19. dxe6 Bxe6 20. Qa4 Nb7 21. Qxa6 Qc7 22. Rab1 Bc8 23. Qa7 Nfd8 24. Rb6 Re8 25. Rfb1 Re3 26. Nde4 f5 27. Nf6+ Bxf6 28. Bxf6 Ne6 29. Rc6 1-0

[Event "Goch op 12th"]
[Site "Goch"]
[Date "2001.10.21"]
[Round "7"]
[White "Poliakov, Alexander"]
[Black "Sondors, Peteris"]
[Result "1-0"]
[WhiteElo "2301"]
[BlackElo "2097"]
[PlyCount "57"]
[EventDate "2001.10.18"]
[EventType "swiss"]
[EventRounds "7"]
[EventCountry "GER"]
[SourceTitle "EXT 2004"]
[Source "ChessBase"]
[SourceDate "2003.11.25"]
[SourceVersion "1"]
[SourceVersionDate "2003.11.25"]
[SourceQuality "1"]

1. d4 Nf6 2. Nf3 e6 3. Bg5 Be7 4. Nbd2 d5 5. e3 0-0 6. Bd3 Nbd7 7. c3 c5 8. Ne5 Nxe5 9. dxe5 Nd7 10. Bf4 f5 11. h4 Qc7 12. Nf3 c4 13. Bc2 Nc5 14. Nd4 g6 15. g4 Kh8 16. gxf5 gxf5 17. Rg1 Bd8 18. Bh6 Rg8 19. Rxg8+ Kxg8 20. Qf3 Qf7 21. h5 Be7 22. 0-0-0 Bf8 23. Rg1+ Kh8 24. Bf4 h6 25. Rg6 Kh7 26. Nb5 Bg7 27. Nd6 Qf8 28. Qg3 Bd7 29. Rxh6+ 1-0

[Event "St Petersburg White Nights op"]
[Site "St Petersburg"]
[Date "2001.06.17"]
[Round "9"]
[White "Skatchkov, Pavel"]
[Black "Poliakov, Alexander"]
[Result "1-0"]
[WhiteElo "2456"]
[BlackElo "2268"]
[PlyCount "97"]
[EventDate "2001.06.09"]
[EventType "swiss"]
[EventRounds "9"]
[EventCountry "RUS"]
[SourceTitle "CBM 082 Extra"]
[Source "ChessBase"]
[SourceDate "2001.07.03"]
[SourceVersion "1"]
[SourceVersionDate "2001.07.03"]
[SourceQuality "1"]

1. Nf3 d5 2. d4 c6 3. c4 Nf6 4. Nc3 e6 5. e3 Nbd7 6. Bd3 dxc4 7. Bxc4 b5 8. Bd3 Bb7 9. e4 b4 10. Na4 c5 11. e5 Nd5 12. 0-0 cxd4 13. Nxd4 Be7 14. Qg4 Nxe5 15. Bb5+ Kf8 16. Qe2 a6 17. Bd3 Nxd3 18. Qxd3 Qa5 19. b3 Rd8 20. Be3 e5 21. Nf5 Nc3 22. Qc4 Nxa4 23. bxa4 h5 24. Nxe7 Kxe7 25. Bc5+ Kf6 26. f4 e4 27. f5 Rhe8 28. Bd4+ Re5 29. Bxe5+ Qxe5 30. Qxb4 Qd4+ 31. Qxd4+ Rxd4 32. Rab1 Bc8 33. Rbc1 Bxf5 34. Rc6+ Kg5 35. Rxa6 e3 36. Re1 Kf4 37. Ra5 g6 38. a3 h4 39. Rb5 Rd2 40. Rb3 Bd3 41. a5 h3 42. Rb4+ Be4 43. g3+ Ke5 44. Rxe3 f5 45. a6 Rg2+ 46. Kf1 Rxh2 47. a7 Rh1+ 48. Kf2 h2 49. Rexe4+ 1-0

[Event "St Petersburg White Nights op"]
[Site "St Petersburg"]
[Date "2001.06.16"]
[Round "8"]
[White "Poliakov, Alexander"]
[Black "Kovalevskaya, Ekaterina"]
[Result "1/2-1/2"]
[WhiteElo "2268"]
[BlackElo "2506"]
[PlyCount "36"]
[EventDate "2001.06.09"]
[EventType "swiss"]
[EventRounds "9"]
[EventCountry "RUS"]
[SourceTitle "CBM 082 Extra"]
[Source "ChessBase"]
[SourceDate "2001.07.03"]
[SourceVersion "1"]
[SourceVersionDate "2001.07.03"]
[SourceQuality "1"]

1. d4 Nf6 2. Nf3 d5 3. c4 c6 4. cxd5 cxd5 5. Nc3 Nc6 6. Bf4 Ne4 7. e3 Nxc3 8. bxc3 g6 9. Be2 Bg7 10. 0-0 0-0 11. c4 Bg4 12. h3 Bxf3 13. Bxf3 dxc4 14. Bxc6 bxc6 15. Rc1 c5 16. Rxc4 cxd4 17. exd4 Qd5 18. Qa4 Rfd8 1/2-1/2

[Event "St Petersburg White Nights op"]
[Site "St Petersburg"]
[Date "2001.06.13"]
[Round "5"]
[White "Sidorov, Anatoly"]
[Black "Poliakov, Alexander"]
[Result "0-1"]
[WhiteElo "2370"]
[BlackElo "2268"]
[PlyCount "64"]
[EventDate "2001.06.09"]
[EventType "swiss"]
[EventRounds "9"]
[EventCountry "RUS"]
[SourceTitle "CBM 082 Extra"]
[Source "ChessBase"]
[SourceDate "2001.07.03"]
[SourceVersion "1"]
[SourceVersionDate "2001.07.03"]
[SourceQuality "1"]

1. d4 d5 2. Nc3 e6 3. e4 Bb4 4. e5 c5 5. Bd2 Ne7 6. Nb5 Bxd2+ 7. Qxd2 0-0 8. Nf3 b6 9. c3 Ba6 10. Be2 Qd7 11. a4 Nbc6 12. b4 cxb4 13. cxb4 f6 14. 0-0 fxe5 15. Nxe5 Nxe5 16. dxe5 Bxb5 17. Bxb5 Qc7 18. Rfe1 Ng6 19. Ra3 Rac8 20. g3 Nxe5 21. Qe2 Qf7 22. f4 Nc4 23. Rd3 e5 24. Red1 exf4 25. Rxd5 Ne3 26. Rd7 Qg6 27. Bd3 Qg5 28. Re1 f3 29. Qf2 Ng4 30. Qa2+ Kh8 31. Rf1 f2+ 32. Kh1 Qh6 0-1

[Event "Chigorin Memorial 08th"]
[Site "St Petersburg"]
[Date "2000.11.04"]
[Round "4"]
[White "Akhmadeev, Vadim"]
[Black "Poliakov, Alexander"]
[Result "1-0"]
[WhiteElo "2427"]
[BlackElo "2270"]
[PlyCount "57"]
[EventDate "2000.10.31"]
[EventType "swiss"]
[EventRounds "9"]
[EventCountry "RUS"]
[SourceTitle "EXT 2001"]
[Source "ChessBase"]
[SourceDate "2000.11.22"]
[SourceVersion "1"]
[SourceVersionDate "2000.11.22"]
[SourceQuality "1"]

1. e4 e6 2. d4 d5 3. Nd2 Nf6 4. e5 Nfd7 5. c3 c5 6. f4 Nc6 7. Ndf3 cxd4 8. cxd4 Qb6 9. Ne2 Be7 10. Nc3 0-0 11. a3 a5 12. Na4 Qa7 13. Be3 f6 14. Qd2 b6 15. Rc1 Ncb8 16. Nc3 Na6 17. Nb5 Qb7 18. Bd3 Rd8 19. 0-0 Nf8 20. exf6 gxf6 21. f5 Bd7 22. Qf2 exf5 23. Nh4 Ng6 24. Nxf5 Be8 25. h4 Kh8 26. h5 Nf8 27. Nc7 Nxc7 28. Nxe7 Rd6 29. Qg3 1-0

[Event "Chigorin Memorial 08th"]
[Site "St Petersburg"]
[Date "2000.11.02"]
[Round "3"]
[White "Poliakov, Alexander"]
[Black "Terentiev, Vitaly G"]
[Result "0-1"]
[WhiteElo "2270"]
[BlackElo "2404"]
[PlyCount "98"]
[EventDate "2000.10.31"]
[EventType "swiss"]
[EventRounds "9"]
[EventCountry "RUS"]
[SourceTitle "EXT 2001"]
[Source "ChessBase"]
[SourceDate "2000.11.22"]
[SourceVersion "1"]
[SourceVersionDate "2000.11.22"]
[SourceQuality "1"]

1. d4 e6 2. Nf3 f5 3. d5 Bb4+ 4. Bd2 Qe7 5. dxe6 dxe6 6. c3 Bc5 7. b4 Bd6 8. Qb3 Nf6 9. Bg5 h6 10. Bxf6 Qxf6 11. Nbd2 a5 12. b5 Nd7 13. e3 Nc5 14. Qc2 b6 15. g3 Bb7 16. Bg2 Be5 17. Rc1 Be4 18. Nxe4 fxe4 19. Nxe5 Qxe5 20. 0-0 0-0-0 21. Rcd1 Rd3 22. Rxd3 exd3 23. Qd2 Rd8 24. f4 Qd6 25. Bh1 e5 26. fxe5 Qxe5 27. Rf4 Re8 28. Bc6 Rd8 29. Rd4 Qh5 30. Qf2 Ne6 31. Bf3 Qg5 32. h4 Qg6 33. Rxd8+ Kxd8 34. Bd5 Ke7 35. e4 Qf6 36. Qxf6+ Kxf6 37. Kf2 Nc5 38. Ke3 Ke5 39. g4 d2 40. Kxd2 Nxe4+ 41. Bxe4 Kxe4 42. g5 hxg5 43. hxg5 g6 44. c4 Kd4 45. a4 Kxc4 46. Ke3 Kb4 47. Ke4 Kxa4 48. Ke5 Kxb5 49. Kf6 a4 0-1

[Event "RUS-ch sf"]
[Site "Tula"]
[Date "1998.??.??"]
[Round "8"]
[White "Poliakov, Alexander"]
[Black "Tishin, Petr"]
[Result "1/2-1/2"]
[WhiteElo "2250"]
[BlackElo "2285"]
[PlyCount "56"]
[EventDate "1998.??.??"]
[EventType "swiss"]
[EventRounds "9"]
[EventCountry "RUS"]
[SourceTitle "EXT 2000"]
[Source "ChessBase"]
[SourceDate "1999.11.16"]
[SourceVersion "1"]
[SourceVersionDate "1999.11.16"]
[SourceQuality "1"]

1. d4 d5 2. c4 Nc6 3. Nc3 e6 4. Nf3 Nf6 5. Bg5 Be7 6. e3 0-0 7. a3 b6 8. cxd5 Nxd5 9. Bxe7 Ncxe7 10. Nxd5 Nxd5 11. Bd3 Bb7 12. 0-0 Qe7 13. Rc1 Rfc8 14. Qe2 c5 15. Ba6 Bxa6 16. Qxa6 Rc7 17. dxc5 Rxc5 18. Nd4 h6 19. Nb3 Rc7 20. Rxc7 Qxc7 21. Rc1 Qe5 22. Rc8+ Rxc8 23. Qxc8+ Kh7 24. Qc2+ Kg8 25. Qc8+ Kh7 26. Qc2+ g6 27. h3 Nf6 28. Nd4 Nd5 1/2-1/2

[Event "RUS-ch sf"]
[Site "Tula"]
[Date "1998.??.??"]
[Round "1"]
[White "Sergienko, Sergey"]
[Black "Poliakov, Alexander"]
[Result "1-0"]
[WhiteElo "2405"]
[BlackElo "2250"]
[PlyCount "89"]
[EventDate "1998.??.??"]
[EventType "swiss"]
[EventRounds "9"]
[EventCountry "RUS"]
[SourceTitle "EXT 2000"]
[Source "ChessBase"]
[SourceDate "1999.11.16"]
[SourceVersion "1"]
[SourceVersionDate "1999.11.16"]
[SourceQuality "1"]

1. d4 d5 2. c4 c6 3. e3 Nf6 4. Nc3 e6 5. Nf3 Nbd7 6. Qc2 Bd6 7. Be2 0-0 8. 0-0 dxc4 9. Bxc4 b5 10. Bd3 Bb7 11. e4 e5 12. dxe5 Nxe5 13. Nxe5 Bxe5 14. h3 a6 15. Be3 Rc8 16. Rad1 Qe7 17. f4 Bxc3 18. bxc3 c5 19. e5 Nd5 20. Bc1 h6 21. Rfe1 b4 22. Bf5 Nxc3 23. Bxc8 Rxc8 24. Rd2 Qh4 25. Rf2 Bd5 26. Bb2 Nb5 27. Rd1 Bxa2 28. Qa4 Qh5 29. Rc1 Be6 30. Qxa6 Nc7 31. Qb7 Ne8 32. Qe7 Qg6 33. Rxc5 Ra8 34. Kh2 Qe4 35. Rcc2 b3 36. Rcd2 Kh7 37. Rd8 Rxd8 38. Qxd8 Qc6 39. f5 Bd5 40. Rd2 Be4 41. Qd7 Bxg2 42. Qxf7 Be4 43. e6 Qb5 44. Bxg7 Nxg7 45. Qg6+ 1-0

[Event "RUS-ch sf"]
[Site "Tula"]
[Date "1998.??.??"]
[Round "7"]
[White "Sosulin, Eduard"]
[Black "Poliakov, Alexander"]
[Result "0-1"]
[WhiteElo "2295"]
[BlackElo "2250"]
[PlyCount "82"]
[EventDate "1998.??.??"]
[EventType "swiss"]
[EventRounds "9"]
[EventCountry "RUS"]
[SourceTitle "EXT 2000"]
[Source "ChessBase"]
[SourceDate "1999.11.16"]
[SourceVersion "1"]
[SourceVersionDate "1999.11.16"]
[SourceQuality "1"]

1. d4 d5 2. c4 c6 3. Nc3 dxc4 4. a4 e5 5. d5 Bb4 6. e4 Nf6 7. Bxc4 Nxe4 8. Qb3 Qb6 9. Be3 Bxc3+ 10. bxc3 Qxb3 11. Bxb3 cxd5 12. Bxd5 Nf6 13. Bb3 Nbd7 14. Nf3 b6 15. a5 Bb7 16. axb6 axb6 17. Rxa8+ Bxa8 18. Ke2 Ke7 19. Ra1 Bd5 20. c4 Ra8 21. Rb1 Ne4 22. Rb2 Bc6 23. Bc2 Nd6 24. Nd2 Bxg2 25. Bxb6 Rb8 26. c5 Nxc5 27. Bxc5 Rxb2 28. Bxd6+ Ke6 29. Bxe5 Rxc2 30. Bxg7 Bd5 31. Bh6 Ra2 32. Bf4 Kf5 33. Bg3 Kg4 34. Ke3 f5 35. f4 h5 36. Be1 Ra3+ 37. Kd4 Bg8 38. Nf1 Ra4+ 39. Ke3 Re4+ 40. Kf2 Rxf4+ 41. Kg1 Kf3 0-1